000
00245nam a22000857a 4500
008
160704b xxu||||| |||| 00| 0 eng d
100
_9
1912
_a
Nayak, A.K
245
_a
Classroom Teaching Methods & Practices
260
_a
New Delhi
_b
APH Publication
_c
2004
999
_c
1614
_d
1614